000 00766nam a2200277Ia 4500
008 160803s9999 xx 000 0 und d
020 _a0 545447844
100 _aGarcia, Rita Williams
245 _aOne crazy summer /
245 _cRita Williams-Garcia.
260 _aNew York :
260 _bScholastic Inc.
260 _c2012
300 _a218 pages ;
300 _c22 cm
500 _a"This edition is available for distribution only through the school market"--Page 2 of cover.
650 _aAfrican Americans --
650 _aMothers --
650 _aPoets --
650 _aSisters --
650 _xJuvenile fiction.
650 _xJuvenile fiction.
650 _xJuvenile fiction.
650 _xJuvenile fiction.
700 _a750
999 _c298531
_d298531